000 00660nam a2200265Ia 4500
005 20260302114552.0
008 008 260114s9999 xx 000 0 eng d
020 _a9781978737112
037 _aTextbook
040 _aCRL
040 _beng
040 _cCRL
041 _2eng
041 _aeng
084 _qCRL
100 _aRobert A. Larmer
_91119139
245 4 _aThe Legitimacy of Miracle
260 _bBloomsbury
260 _bLexington Books
260 _c2013
650 _aPhilosophy
856 _uhttps://doi.org/10.5040/9781978737112?locatt=label:secondary_bloomsburyCollections
942 _cEBOOK
999 _c1683031
_d1683031